|
|
|
|
| LEADER |
00000nab a2200000 ar4500 |
| 001 |
vtls008873306 |
| 003 |
SK-MaSNL |
| 005 |
20260305042531.0 |
| 008 |
061106c2003 xo qr|p|||||||000 b|slo |
| 015 |
|
|
|a SNBRB2006/11
|
| 038 |
|
|
|a SNKBUCL
|
| 040 |
|
|
|a SNKBUCL
|b slo
|e AACR2
|c SNKBUCL
|
| 041 |
0 |
|
|a slo
|
| 044 |
|
|
|a xo
|c SK
|
| 080 |
|
|
|a 316
|2 1997
|
| 080 |
|
|
|a 008
|2 1997
|
| 080 |
|
|
|a 26
|2 1997
|
| 100 |
1 |
|
|a Sklenka, Imrich,
|d 1948-
|4 aut
|9 107607
|
| 245 |
1 |
0 |
|a Prázdnota ako výzva
|c Imrich Sklenka
|
| 650 |
0 |
7 |
|a prázdnota
|2 snkbucl
|9 372152
|
| 650 |
0 |
7 |
|a spoločnosť
|2 snkbucl
|9 1013
|
| 650 |
0 |
7 |
|a kultúra
|2 snkbucl
|9 886
|
| 650 |
0 |
7 |
|a cirkev
|2 snkbucl
|9 1922
|
| 773 |
0 |
|
|t Listy
|g Roč. XVI, č. 3 (2003), s. 6-9
|
| 852 |
|
|
|a SNK
|b KIS3GCP
|
| 958 |
|
|
|a SK
|
| 958 |
|
|
|a NT
|
| 999 |
|
|
|c 3349713
|d 3351643
|